000 00764nam a2200277Ia 4500
003 OSt
005 20220926012824.0
006 a|||||r|||| 00| 0
007 ta
008 220923b |||||||| |||| 00| 0 eng d
020 _a0470150998
037 _cGeneral Book
040 _aRTL
_cRTL
_beng
041 _2eng
_aeng
082 _aS:7, L6
100 _aBuss Allan R
_9317308
245 0 _aIndividual differences
_b Traits and factors
260 _aNew York
_bGardner Press
_c1976
300 _aix,275p
_ccm.
500 _aBibliography: P 258-69
650 _a Psychology
650 _aPersonality
_933018
700 _a Poley Wayne
_9132217
942 _hS:7, L6
_cGB
_2CC
999 _c624423
_d624423